| 000 | 00462nam a2200205Ia 4500 | ||
|---|---|---|---|
| 005 | 20250425161632.0 | ||
| 008 | 250425s9999 xx 000 0 und d | ||
| 041 | _aspa | ||
| 082 | _a622.23 | ||
| 100 | _aGUSTAFSSON, RUNE | ||
| 245 | 0 | _aTECNICA SUECA DE VOLADURAS | |
| 250 | _aS.E. | ||
| 260 | _aS.L. | ||
| 260 |
_aSuecia _bSPI _c1977 |
||
| 300 | _a384 | ||
| 650 | _aEXPLOSION | ||
| 650 | _aVOLADURAS CON EXPLOSIVOS | ||
| 942 | _c01 | ||
| 010 | _a24694 | ||
| 999 |
_c212998 _d212998 |
||